000 00764cam a22002412 4500
001 0000002315
005 20151217151849.0
008 070410s xx 000 0 eng d
020 _cKES 2,800
040 _aKABU
_cKABU
050 0 _aHF5691
_b.O23 2001
100 1 _aOakshott, Les.
_@0000151645
245 1 0 _aEssential quantitative methods for business management and finance /
_cLes Oakshott.
250 _a2nd ed.
260 _aHoundsmills :
_bPalgrave,
_c2001.
300 _axv, 413 p.
650 0 _aBusiness mathematics.
_@0000148324
650 0 _aFinance
_xMathematical models.
_@0000151646
908 _a070410
950 _@1
999 _c5783
_d5783